000 00936nam a22002657a 4500
003 URS
005 20260223164111.0
008 260218t2025 ph ||||| |||| 001 0 eng d
020 _a978621041542
040 _aDLC
_beng
_cDLC
_dDLC
_dURS
_erda
082 _2First edition
_a337
_bIn821 2025
100 _aMarinas-Acosta, Caroline,
_eauthors.
245 _aInternational economics /
_cCaroline Marinas-Acosta, ...[and three others].
264 _aSampaloc, Manila:
_bRex Book Store, Inc.,
_c[2025]
300 _axii, 131 pages;
_c25 cm.
336 _2rdacontent
_atext
_btxt
337 _2rdamedia
_aunmediated
_bn
338 _2rdacarrier
_avolume
_bnc
504 _aIncludes bibliographical references(pages 123-125), and indexes.
650 _aInternational economics.
700 _aTorres-Dela Cruz, Mia.,
_eauthors.
700 _aNavarro, Gladys Marquez,
_eauthors.
700 _aPerez, Exequiel Mendoza,
_eauthors.
942 _2ddc
_cF
999 _c98760
_d98757